|
|
|
|
| LEADER |
00792ntm a2200181 i 4500 |
| 001 |
misc55807 |
| 005 |
20200508151136.0 |
| 008 |
200508s1910 hu o 0|| hun d |
| 040 |
|
|
|a SZTE Miscellanea Repozitórium
|b hun
|
| 041 |
|
|
|a hun
|
| 100 |
1 |
|
|a Schuster Gusztáv
|
| 245 |
1 |
2 |
|a A levegő egyes alkatrészeinek leírása és részletes története napjainkig
|h [elektronikus dokumentum] :
|b a levegő szerepe az állat- és növényország élettüneményeiben s az ásványok és kőzetek változásaiban /
|c Schuster Gusztáv
|
| 260 |
|
|
|c 1910
|
| 300 |
|
|
|a 63, [2] lev.
|
| 650 |
|
4 |
|a Természettudományok
|
| 650 |
|
4 |
|a Föld- és kapcsolódó környezettudományok
|
| 650 |
|
4 |
|a Természetföldrajz
|
| 856 |
4 |
0 |
|u http://misc.bibl.u-szeged.hu/55807/1/misc_1910_schuster_gusztav.pdf
|z Dokumentum-elérés
|